|
|
|
|
| LEADER |
00000nam0a2200000 4500 |
| 001 |
371524 |
| 005 |
20231102012404.0 |
| 035 |
|
|
|a (RuTPU)RU\TPU\retro\28934
|
| 035 |
|
|
|a RU\TPU\retro\20644
|
| 090 |
|
|
|a 371524
|
| 100 |
|
|
|a 20221025d1977 km y0rusy50 ca
|
| 101 |
0 |
|
|a rus
|
| 102 |
|
|
|a RU
|
| 105 |
|
|
|a a z 101zy
|
| 200 |
1 |
|
|a Теория кубатурных формул и приложения функционального анализа к задачам математической физики
|e [сборник трудов]
|f Академия наук СССР, Сибирское отделение, Институт математики ; под ред. С. В. Успенского
|
| 210 |
|
|
|a Новосибирск
|c Изд-во Ин-та математики СО АН СССР
|d 1977
|
| 215 |
|
|
|a 183 с.
|c ил.
|
| 225 |
1 |
|
|a Труды семинара С. Л. Соболева
|v № 1
|
| 320 |
|
|
|a Библиогр. в конце ст.
|
| 606 |
1 |
|
|a Кубатурные формулы
|2 stltpush
|3 (RuTPU)RU\TPU\subj\16594
|9 42553
|
| 606 |
1 |
|
|a Математическая физика
|2 stltpush
|3 (RuTPU)RU\TPU\subj\41221
|9 61028
|
| 610 |
1 |
|
|a математика
|
| 610 |
1 |
|
|a задачи
|
| 610 |
1 |
|
|a функциональный анализ
|
| 610 |
1 |
|
|a уравнения со сдвигом
|
| 610 |
1 |
|
|a сходимость
|
| 610 |
1 |
|
|a кусочно-аффинная система
|
| 610 |
1 |
|
|a весовые пространства
|
| 610 |
1 |
|
|a теоремы вложения
|
| 675 |
|
|
|a 517.518.87
|v 4
|
| 675 |
|
|
|a 53:51
|v 4
|
| 702 |
|
1 |
|a Успенский
|b С. В.
|4 340
|
| 712 |
0 |
2 |
|a Академия наук СССР
|b Сибирское отделение
|b Институт математики
|2 stltpush
|3 (RuTPU)RU\TPU\col\11754
|9 25245
|
| 801 |
|
1 |
|a RU
|b 63413507
|c 20210924
|
| 801 |
|
2 |
|a RU
|b 63413507
|c 20221025
|g RCR
|
| 942 |
|
|
|c BK
|